[Event "Frauenbundesliga 2021-22"]
[Site "Germany"]
[Date "2022.03.20"]
[Round "6.9"]
[White "Hincu, Olga"]
[Black "Duessler, Stefanie"]
[Result "1-0"]
[WhiteElo "2070"]
[BlackElo "2119"]
[Annotator "ChessBase"]
[PlyCount "143"]
[EventDate "2021.11.26"]
[EventType "team-tourn"]
[EventCountry "GER"]
[SourceTitle "playchess.com"]
[Source "ChessBase"]
[SourceQuality "1"]
[TimeControl "40/5400+30:1800+30"]

1. d4 {[%emt 0:00:03]} Nf6 {[%emt 0:00:04]} 2. Nf3 {[%emt 0:00:04]} b6 {[%emt 0:00:05]} 3. c4 {[%emt 0:00:22]} Bb7 {[%emt 0:00:26]} 4. Nc3 {[%emt 0:00:42]} d5 {[%emt 0:01:24]} 5. e3 {[%emt 0:06:00]} e6 {[%emt 0:03:13]} 6. Bd3 {[%emt 0:01:54]} Be7 {[%emt 0:04:01]} 7. O-O {[%emt 0:00:25]} O-O {[%emt 0:00:21]} 8. Ne5 {[%emt 0:04:55]} Nbd7 {[%emt 0:02:14]} 9. Qc2 {[%emt 0:02:28]} c5 {[%emt 0:02:36]} 10. b3 {[%emt 0:00:28]} Rc8 {[%emt 0:03:42]} 11. Bb2 {[%emt 0:01:39]} h6 {[%emt 0:00:07]} 12. h3 {[%emt 0:06:27]} dxc4 {[%emt 0:02:36]} 13. bxc4 {[%emt 0:02:50]} cxd4 {[%emt 0:01:44]} 14. exd4 {[%emt 0:00:48]} Nxe5 {[%emt 0:00:04]} 15. dxe5 {[%emt 0:00:04]} Nd7 {[%emt 0:00:08]} 16. Rad1 {[%emt 0:15:52]} a6 {[%emt 0:01:24]} 17. Ne4 {[%emt 0:16:09]} Qc7 {[%emt 0:02:31]} 18. Nd6 {[%emt 0:03:27]} Bxd6 {[%emt 0:01:09]} 19. exd6 {[%emt 0:00:02]} Qc6 {[%emt 0:00:09]} 20. f3 {[%emt 0:05:54]} Nc5 {[%emt 0:08:05]} 21. Qc3 {[%emt 0:01:02]} f6 {[%emt 0:00:31]} 22. Bc2 {[%emt 0:02:46]} Rcd8 {[%emt 0:01:54]} 23. Qd4 {[%emt 0:02:40]} Rf7 {[%emt 0:02:13]} 24. Qg4 {[%emt 0:04:16]} Bc8 {[%emt 0:20:43]} 25. Qg6 {[%emt 0:01:33]} f5 {[%emt 0:00:37]} 26. Be5 {[%emt 0:04:10]} Qe8 {[%emt 0:02:30]} 27. f4 {[%emt 0:01:43]} Rb7 {[%emt 0:05:49]} 28. Qg3 {[%emt 0:01:42]} Qf7 {[%emt 0:00:52]} 29. Rf3 {[%emt 0:01:25]} Kh7 {[%emt 0:02:31]} 30. Qh4 {[%emt 0:01:16]} Rg8 {[%emt 0:00:11]} 31. g4 {[%emt 0:01:51]} Bd7 {[%emt 0:04:23]} 32. Rg3 {[%emt 0:02:19]} g6 {[%emt 0:01:00]} 33. Kh2 {[%emt 0:00:59]} Bc6 {[%emt 0:01:51]} 34. Rdg1 {[%emt 0:00:52]} Be4 {[%emt 0:08:04]} 35. g5 {[%emt 0:05:09]} Qf8 {[%emt 0:00:39]} 36. Bd1 {[%emt 0:02:20]} Nd3 {[%emt 0:02:48]} 37. gxh6 {[%emt 0:01:22]} Nxe5 {[%emt 0:03:03]} 38. fxe5 {[%emt 0:00:11]} Qxh6 {[%emt 0:00:04]} 39. Qxh6+ {[%emt 0:00:44]} Kxh6 {[%emt 0:00:01]} 40. h4 {[%emt 0:00:22]} Bc6 {[%emt 0:04:31]} 41. Rg5 {[%emt 0:30:25]} Be8 {[%emt 0:32:09]} 42. Bf3 {[%emt 0:01:03]} Rh7 {[%emt 0:00:39]} 43. Rh5+ {[%emt 0:00:00]} Kg7 {[%emt 0:00:00]} 44. Rxh7+ {[%emt 0:00:00]} Kxh7 {[%emt 0:00:00]} 45. Rb1 {[%emt 0:00:00]} g5 {[%emt 0:00:00]} 46. hxg5 {[%emt 0:00:00]} Rxg5 {[%emt 0:00:00]} 47. Rxb6 {[%emt 0:00:00]} f4 {[%emt 0:00:00]} 48. Rxa6 {[%emt 0:00:00]} Rxe5 {[%emt 0:00:00]} 49. Ra7+ {[%emt 0:00:00]} Kg6 {[%emt 0:00:00]} 50. d7 {[%emt 0:00:00]} Bxd7 {[%emt 0:00:00]} 51. Rxd7 {[%emt 0:00:00]} Re3 {[%emt 0:00:00]} 52. Kg2 {[%emt 0:00:00]} e5 {[%emt 0:00:00]} 53. Re7 {[%emt 0:00:00]} Kf6 {[%emt 0:00:00]} 54. Re8 {[%emt 0:00:00]} Ra3 {[%emt 0:00:00]} 55. c5 {[%emt 0:00:00]} Rxa2+ {[%emt 0:00:00]} 56. Kh3 {[%emt 0:00:00]} Kf5 {[%emt 0:00:00]} 57. c6 {[%emt 0:00:00]} Rc2 {[%emt 0:00:00]} 58. Rf8+ {[%emt 0:00:00]} Ke6 {[%emt 0:00:00]} 59. Kg4 {[%emt 0:00:00]} Rc3 {[%emt 0:00:00]} 60. Rd8 {[%emt 0:00:10]} Kf6 {[%emt 0:00:00]} 61. Rd6+ {[%emt 0:00:34]} Ke7 {[%emt 0:00:00]} 62. Rd7+ {[%emt 0:00:10]} Kf6 {[%emt 0:00:00]} 63. Rd6+ {[%emt 0:02:59]} Ke7 {[%emt 0:00:00]} 64. Rh6 {[%emt 0:00:41]} Re3 {[%emt 0:00:00]} 65. Rh7+ {[%emt 0:00:41]} Kd6 {[%emt 0:00:00]} 66. Rd7+ {[%emt 0:00:19]} Ke6 {[%emt 0:00:00]} 67. Bd5+ {[%emt 0:00:06]} Kf6 {[%emt 0:00:00]} 68. Rd6+ {[%emt 0:00:16]} Ke7 {[%emt 0:00:00]} 69. Re6+ {[%emt 0:03:42]} Kd8 {[%emt 0:00:00]} 70. Rh6 {[%emt 0:00:53]} Ke7 {[%emt 0:00:00]} 71. c7 {[%emt 0:01:23]} Rc3 {[%emt 0:00:00]} 72. Rc6 {[%emt 0:00:36]} 1-0

[Event "Frauenbundesliga 2021-22"]
[Site "Germany"]
[Date "2022.03.20"]
[Round "6.10"]
[White "Manusina, Nicole"]
[Black "Schulz, Petra"]
[Result "1/2-1/2"]
[WhiteElo "2017"]
[BlackElo "1991"]
[Annotator "ChessBase"]
[PlyCount "58"]
[EventDate "2021.11.26"]
[EventType "team-tourn"]
[EventCountry "GER"]
[SourceTitle "playchess.com"]
[Source "ChessBase"]
[SourceQuality "1"]
[TimeControl "40/5400+30:1800+30"]

1. d4 {[%emt 0:00:04]} Nf6 {[%emt 0:00:05]} 2. c4 {[%emt 0:00:09]} g6 {[%emt 0:00:05]} 3. Nc3 {[%emt 0:00:07]} Bg7 {[%emt 0:00:16]} 4. e4 {[%emt 0:00:10]} d6 {[%emt 0:00:05]} 5. f3 {[%emt 0:00:17]} O-O {[%emt 0:00:06]} 6. Be3 {[%emt 0:00:04]} c5 {[%emt 0:00:24]} 7. Nge2 {[%emt 0:00:40]} Qa5 {[%emt 0:00:19]} 8. Qd2 {[%emt 0:00:27]} Nc6 {[%emt 0:06:15]} 9. d5 {[%emt 0:20:38]} Ne5 {[%emt 0:02:43]} 10. Nc1 {[%emt 0:00:06]} a6 {[%emt 0:00:41]} 11. Rb1 {[%emt 0:05:34]} Rb8 {[%emt 0:32:15]} 12. a3 {[%emt 0:05:44]} Qc7 {[%emt 0:01:13]} 13. Be2 {[%emt 0:05:45]} Bd7 {[%emt 0:09:13]} 14. O-O {[%emt 0:14:08]} b5 {[%emt 0:01:11]} 15. cxb5 {[%emt 0:05:20]} Bxb5 {[%emt 0:00:58]} 16. b3 {[%emt 0:15:35]} Bxe2 {[%emt 0:13:19]} 17. N1xe2 {[%emt 0:03:11]} a5 {[%emt 0:06:12]} 18. Rfc1 {[%emt 0:04:20]} Rb7 {[%emt 0:03:21]} 19. a4 {[%emt 0:03:04]} Rfb8 {[%emt 0:03:46]} 20. Nb5 {[%emt 0:01:14]} Qd8 {[%emt 0:00:11]} 21. h3 {[%emt 0:07:14]} Ne8 {[%emt 0:04:40]} 22. Bf2 {[%emt 0:03:07]} Nc7 {[%emt 0:01:08]} 23. Nec3 {[%emt 0:00:04]} Na6 {[%emt 0:02:52]} 24. f4 {[%emt 0:01:32]} Nd7 {[%emt 0:00:09]} 25. Qe2 {[%emt 0:00:56]} Nb4 {[%emt 0:00:31]} 26. Nd1 {[%emt 0:01:34]} Nf6 {[%emt 0:03:24]} 27. Ndc3 {[%emt 0:00:42]} Nd7 {[%emt 0:03:40]} 28. Nd1 {[%emt 0:00:30]} Nf6 {[%emt 0:00:12]} 29. Ndc3 {[%emt 0:00:05]} Nd7 {[%emt 0:00:07]} 1/2-1/2

[Event "Frauenbundesliga 2021-22"]
[Site "Germany"]
[Date "2022.03.20"]
[Round "6.11"]
[White "Germann, Heike"]
[Black "Grabowski, Petra"]
[Result "1/2-1/2"]
[WhiteElo "1992"]
[BlackElo "1622"]
[Annotator "ChessBase"]
[PlyCount "87"]
[EventDate "2021.11.26"]
[EventType "team-tourn"]
[EventCountry "GER"]
[SourceTitle "playchess.com"]
[Source "ChessBase"]
[SourceQuality "1"]
[TimeControl "40/5400+30:1800+30"]

1. d4 {[%emt 0:00:02]} e6 {[%emt 0:00:11]} 2. c4 {[%emt 0:00:02]} d5 {[%emt 0:00:51]} 3. Nc3 {[%emt 0:00:04]} c6 {[%emt 0:00:27]} 4. e3 {[%emt 0:01:53]} Nf6 {[%emt 0:00:27]} 5. Nf3 {[%emt 0:00:09]} Bd6 {[%emt 0:01:42]} 6. Be2 {[%emt 0:01:04]} dxc4 {[%emt 0:03:48]} 7. Bxc4 {[%emt 0:00:17]} Nbd7 {[%emt 0:02:31]} 8. O-O {[%emt 0:00:48]} O-O {[%emt 0:01:11]} 9. Bd2 {[%emt 0:01:24]} Qc7 {[%emt 0:09:14]} 10. e4 {[%emt 0:22:30]} e5 {[%emt 0:04:10]} 11. d5 {[%emt 0:01:21]} cxd5 {[%emt 0:02:43]} 12. Bxd5 {[%emt 0:00:14]} Nxd5 {[%emt 0:07:57]} 13. Nxd5 {[%emt 0:00:59]} Qd8 {[%emt 0:08:19]} 14. Bc3 {[%emt 0:08:59]} f6 {[%emt 0:07:15]} 15. Qe2 {[%emt 0:12:13]} Nb6 {[%emt 0:04:50]} 16. Ne3 {[%emt 0:15:41]} Be6 {[%emt 0:04:54]} 17. Rfd1 {[%emt 0:06:56]} Qe7 {[%emt 0:06:35]} 18. b3 {[%emt 0:10:01]} Rfd8 {[%emt 0:02:40]} 19. Rd3 {[%emt 0:06:06]} Bc5 {[%emt 0:02:53]} 20. Rad1 {[%emt 0:01:15]} Rxd3 {[%emt 0:01:11]} 21. Rxd3 {[%emt 0:00:05]} Rd8 {[%emt 0:04:12]} 22. h3 {[%emt 0:02:48]} Rxd3 {[%emt 0:00:59]} 23. Qxd3 {[%emt 0:00:04]} Bxe3 {[%emt 0:01:38]} 24. Qxe3 {[%emt 0:00:07]} Qd6 {[%emt 0:05:05]} 25. Ne1 {[%emt 0:01:45]} Nc8 {[%emt 0:02:45]} 26. Nd3 {[%emt 0:01:18]} Qb6 {[%emt 0:06:35]} 27. Qxb6 {[%emt 0:02:14]} Nxb6 {[%emt 0:00:02]} 28. Ba5 {[%emt 0:00:29]} Nd7 {[%emt 0:01:50]} 29. Kf1 {[%emt 0:00:52]} b6 {[%emt 0:03:00]} 30. Bb4 {[%emt 0:00:10]} Nb8 {[%emt 0:00:56]} 31. Ke2 {[%emt 0:01:08]} Nc6 {[%emt 0:00:09]} 32. Bc3 {[%emt 0:01:06]} Kf7 {[%emt 0:00:35]} 33. Nb2 {[%emt 0:01:30]} Ke7 {[%emt 0:01:01]} 34. Kd3 {[%emt 0:00:07]} Bc8 {[%emt 0:02:00]} 35. Ke3 {[%emt 0:00:50]} Ba6 {[%emt 0:00:17]} 36. g3 {[%emt 0:00:14]} Bf1 {[%emt 0:00:41]} 37. h4 {[%emt 0:00:02]} Ba6 {[%emt 0:00:35]} 38. Nd3 {[%emt 0:00:23]} Bb7 {[%emt 0:00:44]} 39. Bb2 {[%emt 0:00:16]} Kd7 {[%emt 0:00:20]} 40. Bc3 {[%emt 0:00:33]} Ke7 {[%emt 0:00:15]} 41. Ne1 {[%emt 0:08:25]} Nd8 {[%emt 0:01:08]} 42. Nc2 {[%emt 0:02:39]} Ne6 {[%emt 0:00:36]} 43. Bb4+ {[%emt 0:02:22]} Kd7 {[%emt 0:04:58]} 44. f3 {[%emt 0:01:53]} 1/2-1/2

[Event "Frauenbundesliga 2021-22"]
[Site "Germany"]
[Date "2022.03.20"]
[Round "6.12"]
[White "Lossin, Charlotte"]
[Black "Just, Anita"]
[Result "0-1"]
[WhiteElo "1527"]
[BlackElo "1895"]
[Annotator "NA"]
[PlyCount "114"]
[EventDate "2021.11.26"]
[EventType "team-tourn"]
[EventCountry "GER"]
[SourceTitle "playchess.com"]
[Source "ChessBase"]
[SourceQuality "1"]
[TimeControl "40/5400+30:1800+30"]

1. d4 {[%emt 0:00:08]} e6 {[%emt 0:00:07]} 2. Nf3 {[%emt 0:00:27]} f5 {[%emt 0:00:09]} 3. e3 {[%emt 0:00:55]} Nf6 {[%emt 0:00:35]} 4. Bd3 {[%emt 0:00:29]} b6 {[%emt 0:01:40]} 5. O-O {[%emt 0:03:52]} Bb7 {[%emt 0:01:38]} 6. Nbd2 {[%emt 0:02:44]} Be7 {[%emt 0:03:56]} 7. Re1 {[%emt 0:03:39]} Ne4 {[%emt 0:04:36]} 8. Ne5 {[%emt 0:09:27]} O-O {[%emt 0:01:34]} 9. Bxe4 {[%emt 0:03:40]} fxe4 {[%emt 0:03:35]} 10. Qg4 {[%emt 0:00:56] [#]} Qe8 $1 {[%emt 0:10:00]} 11. Nxe4 {[%emt 0:02:27]} h5 {[%emt 0:07:54]} 12. Qg6 {[%emt 0:10:22]} Qxg6 {[%emt 0:01:48]} 13. Nxg6 {[%emt 0:00:06]} Bxe4 {[%emt 0:00:39]} 14. Nxf8 {[%emt 0:00:50]} Kxf8 {[%emt 0:00:43]} 15. Bd2 {[%emt 0:04:22]} Nc6 {[%emt 0:02:08]} 16. c3 {[%emt 0:02:26]} a5 {[%emt 0:04:08]} 17. f3 {[%emt 0:01:07]} Bd3 {[%emt 0:02:45]} 18. e4 {[%emt 0:02:29]} d6 {[%emt 0:07:45]} 19. b3 {[%emt 0:02:05]} Ba6 {[%emt 0:01:33]} 20. Be3 {[%emt 0:06:03]} Bf6 {[%emt 0:03:55]} 21. Rad1 {[%emt 0:13:23]} g6 {[%emt 0:01:57]} 22. f4 {[%emt 0:03:47]} Bg7 {[%emt 0:05:36]} 23. e5 {[%emt 0:05:37]} d5 {[%emt 0:02:15]} ({Stronger than} 23... dxe5 24. fxe5 a4 25. Bg5 $17) 24. Kf2 {[%emt 0:03:17]} Kf7 {[%emt 0:01:44]} 25. Bc1 {[%emt 0:03:56]} Bf8 {[%emt 0:01:43]} 26. Ke3 {[%emt 0:02:57]} a4 {[%emt 0:08:26]} 27. h3 {[%emt 0:04:32]} axb3 {[%emt 0:05:34]} 28. axb3 {[%emt 0:00:07]} Na5 {[%emt 0:00:12]} 29. b4 {[%emt 0:04:06]} Nc4+ {[%emt 0:00:12]} 30. Kf2 {[%emt 0:00:28]} Bb5 {[%emt 0:00:50]} 31. Be3 $2 {[%emt 0:01:09]} (31. Re2) 31... Ra2+ $19 {[%emt 0:03:36]} 32. Kf3 {[%emt 0:00:57]} Ba4 {[%emt 0:13:17]} 33. Ra1 {[%emt 0:01:01]} Rxa1 {[%emt 0:00:00]} 34. Rxa1 {[%emt 0:00:11]} b5 {[%emt 0:00:00]} 35. Ra2 {[%emt 0:01:29]} Be7 {[%emt 0:00:00]} 36. g4 {[%emt 0:00:27]} Bd1+ {[%emt 0:00:00]} 37. Kf2 {[%emt 0:01:03]} Bh4+ {[%emt 0:00:00]} 38. Kg1 {[%emt 0:00:39]} Nxe3 {[%emt 0:00:00]} 39. Ra7 {[%emt 0:01:39]} Bd8 {[%emt 0:00:00]} 40. Kf2 {[%emt 0:00:38]} Nc4 {[%emt 0:00:00]} 41. gxh5 {[%emt 0:01:08]} gxh5 {[%emt 0:00:00]} 42. Ra8 {[%emt 0:00:14]} Bh4+ {[%emt 0:00:13]} 43. Kg1 {[%emt 0:02:44]} Ke7 {[%emt 0:01:41]} 44. Rb8 {[%emt 0:02:57]} Be1 {[%emt 0:06:58]} 45. Rxb5 {[%emt 0:01:47]} Bxc3 {[%emt 0:00:09]} 46. Rb7 {[%emt 0:01:00]} Bxd4+ {[%emt 0:00:31]} 47. Kh2 {[%emt 0:01:01]} Bb6 {[%emt 0:00:24]} 48. Rb8 {[%emt 0:01:08]} Ne3 {[%emt 0:02:36]} 49. Rg8 {[%emt 0:01:56]} Nf5 {[%emt 0:01:12]} 50. Rc8 {[%emt 0:01:45]} d4 {[%emt 0:00:43]} 51. Kg2 {[%emt 0:00:59]} d3 {[%emt 0:01:14]} 52. Rh8 {[%emt 0:02:17]} d2 {[%emt 0:02:27]} 53. Rh7+ {[%emt 0:00:08]} Kd8 {[%emt 0:00:12]} 54. Rh8+ {[%emt 0:00:34]} Kd7 {[%emt 0:00:12]} 55. Rh7+ {[%emt 0:00:11]} Kc6 {[%emt 0:00:35]} 56. b5+ {[%emt 0:01:18]} Kxb5 {[%emt 0:00:59]} 57. Rd7 {[%emt 0:00:07]} Bd4 {[%emt 0:00:49]} 0-1

[Event "Frauenbundesliga 2021-22"]
[Site "Germany"]
[Date "2022.09.04"]
[Round "7.1"]
[White "Cyfka, Karina"]
[Black "Paehtz, Elisabeth"]
[Result "1/2-1/2"]
[WhiteElo "2401"]
[BlackElo "2507"]
[Annotator "TA"]
[PlyCount "39"]
[EventDate "2021.11.26"]
[EventType "team-tourn"]
[EventCountry "GER"]
[SourceTitle "playchess.com"]
[Source "ChessBase"]
[SourceQuality "1"]
[WhiteTeam "LEI"]
[BlackTeam "BAD"]
[WhiteTeamCountry "POL"]
[BlackTeamCountry "GER"]
[TimeControl "40/5400+30:1800+30"]

{[%evp 16,25,14,21,8,10,13,11,17,8,24,13]} 1. d4 {[%emt 0:01:00]} Nf6 {[%emt 0:01:00]} 2. c4 {[%emt 0:00:00]} e6 {[%emt 0:00:00]} 3. Nf3 {[%emt 0:01:00]} b6 {[%emt 0:00:00]} 4. g3 {[%emt 0:00:30]} Ba6 {[%emt 0:00:00]} 5. Qa4 {[%emt 0:07:30]} Bb7 {[%emt 0:00:00]} 6. Bg2 {[%emt 0:00:30]} c5 {[%emt 0:00:30]} 7. O-O {[%emt 0:01:30]} cxd4 {[%emt 0:08:30]} 8. Nxd4 {[%emt 0:00:30]} Bxg2 {[%emt 0:00:00]} 9. Kxg2 {[%emt 0:00:00]} Bc5 {[%emt 0:00:00] E15: Queen's Indian: 4 g3 sidelines, 4 g3 Ba6 and 4 g3 Bb7 early deviations.} 10. Rd1 {[%emt 0:04:00]} O-O {[%emt 0:13:30]} 11. Nc3 {[%emt 0:01:30]} h6 {[%emt 0:16:30]} 12. Qc2 {[%emt 0:04:30]} Qc7 {[%emt 0:02:30]} 13. f3 {[%emt 0:07:30] [#] An interesting draw.  Weighted Error Value: White=0.02 (flawless) /Black=0.01 (flawless)} {Predecessor:} Nc6 $146 14. Nxc6 dxc6 15. Na4 Be7 16. b3 e5 17. Rb1 Qc8 18. Bb2 Qe6 19. Qc3 b5 20. cxb5 {½-½ (54) Polyakov,D (2227)-Morley,P (2384) ICCF email 2014} 1/2-1/2

[Event "Frauenbundesliga 2021-22"]
[Site "Germany"]
[Date "2022.09.04"]
[Round "7.2"]
[White "Stefanova, Antoaneta"]
[Black "Kulon, Klaudia"]
[Result "1-0"]
[WhiteElo "2445"]
[BlackElo "2319"]
[Annotator "TA"]
[PlyCount "107"]
[EventDate "2021.11.26"]
[EventType "team-tourn"]
[EventCountry "GER"]
[SourceTitle "playchess.com"]
[Source "ChessBase"]
[SourceQuality "1"]
[WhiteTeam "BAD"]
[BlackTeam "LEI"]
[WhiteTeamCountry "BUL"]
[BlackTeamCountry "POL"]
[TimeControl "40/5400+30:1800+30"]

{[%evp 14,107,4,13,31,0,17,-28,8,-39,-28,-20,-10,-30,-20,-22,0,0,0,0,0,0,0,-7,29,-337,35,27,148,69,91,114,147,126,413,409,368,145,640,186,193,184,169,181,184,195,186,197,176,187,183,179,181,194,185,179,184,175,160,94,98,81,65,65,64,60,104,0,135,137,166,120,195,168,371,364,532,523,493,487,633,631,960,945,1486,1374,1354,1139,2425,2374,5047,3748,2470,2473,29986,29987]} 1. c4 {[%emt 0:01:00]} Nf6 {[%emt 0:01:00]} 2. d4 {[%emt 0:00:00]} g6 {[%emt 0:00:30]} 3. Nc3 {[%emt 0:01:00]} Bg7 {[%emt 0:00:00]} 4. e4 {[%emt 0:00:00]} O-O {[%emt 0:00:00]} 5. h4 {[%emt 0:02:00]} d6 {[%emt 0:02:30]} 6. Be2 {[%emt 0:00:30]} c5 {[%emt 0:05:30]} 7. d5 {[%emt 0:00:30]} e6 {[%emt 0:00:30]} 8. h5 {[%emt 0:00:30]} exd5 {[%emt 0:00:30] E73: King's Indian: Averbakh Variation without 6...c5.} 9. exd5 {[%emt 0:00:30]} Nbd7 {[%emt 0:06:30] [#]} 10. Bg5 $146 {[%emt 0:13:30]} ({Predecessor:} 10. Kf1 Ne5 11. h6 Bh8 12. Bg5 Qb6 13. b3 a6 14. Nf3 Nxf3 15. Bxf3 Re8 16. Rc1 {1-0 (41) Anuj,S (2350)-Hesham,A (2424) Ahmedabad 2022}) 10... Re8 {[%emt 0:06:30] Black has an edge.} (10... h6 $5 {[%cal Rh6g5]} 11. Bd2 g5 $11) 11. Qd2 {[%emt 0:05:30]} (11. h6 $11 Bh8 12. Nf3) 11... a6 $1 $15 {[%emt 0:09:30][%cal Ob7b5]} 12. Kf1 {[%emt 0:16:30]} b5 {[%emt 0:08:30]} 13. cxb5 {[%emt 0:06:30]} axb5 {[%emt 0:00:00]} (13... Qb6 $5 {[%cal Ra6b5]}) 14. hxg6 {[%emt 0:03:30]} fxg6 {[%emt 0:01:00]} (14... hxg6 $5 {[%cal Rb5b4]} 15. Bh6 (15. Bxb5 Qa5 $11) (15. Nxb5 $2 Ne4 $19) 15... Bh8 16. Bxb5 (16. Nxb5 Ne4 $17) 16... Qb6 $11) 15. Bxb5 {[%emt 0:02:30]} Qb6 {[%emt 0:02:30]} 16. Bxf6 {[%emt 0:14:30]} Bxf6 {[%emt 0:01:30]} 17. Nge2 {[%emt 0:00:30]} Re7 {[%emt 0:05:30]} 18. a4 {[%emt 0:03:30]} Ba6 {[%emt 0:06:30]} 19. g3 $2 {[%emt 0:05:30][%mdl 8192]} (19. Kg1 $11 {and White is okay.}) 19... Ne5 $2 {[%emt 0:08:30]} (19... Bxc3 $19 20. Nxc3 Bxb5+ 21. Nxb5 Rxa4 $3 {[%mdl 512]}) 20. Kg2 $14 {[%emt 0:02:30]} Bb7 {[%emt 0:04:30]} (20... Rf8 $11) 21. Ne4 {[%emt 0:00:34]} (21. a5 $1 $16 {[%cal Ra5b6]} Qc7 22. Nf4) 21... Bg7 {[%emt 0:00:30]} 22. N2c3 $1 {[%emt 0:01:02]} Nf7 {[%emt 0:10:04] Prevents Qg5.} 23. Qf4 {[%emt 0:02:26] Black must now prevent Qh4. White is more active.} h6 $2 {[%emt 0:03:25][%mdl 8192]} (23... Bxc3 $16 24. Nxc3 Ne5) 24. Nf6+ $18 {[%emt 0:06:00]} Kh8 {[%emt 0:00:05]} 25. Nce4 $2 {[%emt 0:00:21] Pair of Knights!} (25. Rh2 $18 {has better winning chances. Hoping for Rah1.} Bc8 26. Nce4) 25... Rf8 $2 {[%emt 0:02:14][%mdl 8192]} (25... Rxe4 $16 26. Nxe4 Bxd5) 26. Rad1 $2 {[%emt 0:02:13]} (26. Qg4 Bxf6 27. Nxf6 Bxd5+ 28. Nxd5) 26... Qd8 {[%emt 0:01:44]} 27. Qg4 {[%emt 0:02:07]} Ne5 {[%emt 0:02:04]} 28. Qg5 {[%emt 0:00:58]} Rxf6 {[%emt 0:01:25]} 29. Nxf6 {[%emt 0:06:39] Chess con chili.} Qf8 {[%emt 0:00:05]} 30. f4 {[%emt 0:01:30]} Bxf6 {[%emt 0:02:54]} 31. Qxh6+ {[%emt 0:00:00]} Qxh6 {[%emt 0:00:05]} 32. Rxh6+ {[%emt 0:00:00]} Kg7 {[%emt 0:00:39] [#]} 33. fxe5 {[%emt 0:00:21]} Rxe5 {[%emt 0:00:35]} 34. Rh2 {[%emt 0:00:19]} Bxd5+ {[%emt 0:00:51]} 35. Kf1 {[%emt 0:00:32]} Rg5 {[%emt 0:01:06]} 36. Rhd2 {[%emt 0:01:28]} ({Better is} 36. a5) 36... Bb3 $16 {[%emt 0:01:29]} 37. Re1 {[%emt 0:00:31]} ({Don't take} 37. Rxd6 Bxd1 38. Rd7+ (38. Rxd1 Bxb2 39. Rd3 Kf6 $11) 38... Kh6 39. Rxd1 Bxb2 $14) 37... Bd4 {[%emt 0:00:57] [#]} 38. Rxd4 $1 {[%emt 0:00:57]} cxd4 $14 {[%emt 0:00:04][%mdl 4096] Endgame KRB-KRB} 39. Re4 {[%emt 0:00:26]} Rd5 {[%emt 0:05:32] [#] ...d3 is the strong threat.} 40. Ke2 {[%emt 0:00:38]} (40. Ke1 $1 $16) 40... Bc2 {[%emt 0:00:00]} (40... Re5 $11 {remains equal.} 41. Rxe5 dxe5) 41. Rf4 $16 {[%emt 0:14:47] Strongly threatening b4.} g5 {[%emt 0:03:42]} 42. Rf1 {[%emt 0:00:52] aiming for Kd2.} Bg6 {[%emt 0:02:30] [#]} (42... Rc5 $16) 43. Kd2 $1 $18 {[%emt 0:02:12]} g4 $2 {[%emt 0:04:30]} (43... Re5 {was worth a try.}) 44. Rf4 {[%emt 0:02:13]} Bf5 {[%emt 0:07:26]} (44... Rh5 $142 45. Rxd4 (45. Rxg4 Rh2+ 46. Ke1 Kf6 $18) 45... Rh2+ 46. Be2 Be8) 45. Bc4 {[%emt 0:02:31]} Rc5 {[%emt 0:01:05]} 46. Rxd4 {[%emt 0:00:37]} Kf6 {[%emt 0:01:31]} 47. b4 {[%emt 0:01:14][%cal Bb2b4,Bb4b5][%mdl 32]} Ke5 {[%emt 0:00:47]} 48. Ke3 {[%emt 0:02:43]} ({Less strong is} 48. bxc5 Kxd4 49. Be2 dxc5 $14) 48... Rc6 {[%emt 0:00:37]} 49. a5 {[%emt 0:00:56][%cal Ba4a5,Ba5a6][%mdl 32] Threatens to win with b5.} Bc8 {[%emt 0:00:53]} 50. Re4+ {[%emt 0:01:46]} Kf5 {[%emt 0:01:17]} 51. b5 {[%emt 0:00:56]} Rc5 {[%emt 0:00:06]} 52. Bd3 {[%emt 0:00:02]} Kf6 {[%emt 0:00:31]} 53. a6 {[%emt 0:00:52]} Rc3 {[%emt 0:00:06]} 54. Rc4 {[%emt 0:01:08] Weighted Error Value: White=0.51/Black=0.96} 1-0

[Event "Frauenbundesliga 2021-22"]
[Site "Germany"]
[Date "2022.09.04"]
[Round "7.3"]
[White "Hincu, Olga"]
[Black "Arakhamia-Grant, Ketevan"]
[Result "1/2-1/2"]
[WhiteElo "2070"]
[BlackElo "2354"]
[Annotator "NA RC"]
[PlyCount "72"]
[EventDate "2021.11.26"]
[EventType "team-tourn"]
[EventCountry "GER"]
[SourceTitle "playchess.com"]
[Source "ChessBase"]
[SourceQuality "1"]
[WhiteTeam "LEI"]
[BlackTeam "BAD"]
[WhiteTeamCountry "MDA"]
[BlackTeamCountry "SCO"]
[TimeControl "40/5400+30:1800+30"]

1. d4 {[%emt 0:01:00]} Nf6 {[%emt 0:01:00]} 2. Nf3 {[%emt 0:00:00]} g6 {[%emt 0:00:00]} 3. Nbd2 {[%emt 0:00:00]} d5 {[%emt 0:01:00]} 4. e3 {[%emt 0:00:30]} Bg7 {[%emt 0:00:00]} 5. b4 {[%emt 0:00:30]} O-O {[%emt 0:02:00]} 6. Be2 {[%emt 0:00:30]} Nbd7 {[%emt 0:02:30]} 7. Bb2 {[%emt 0:02:30]} a5 $14 {[%emt 0:02:30]} 8. b5 {[%emt 0:01:30]} a4 {[%emt 0:00:30]} 9. c4 {[%emt 0:07:30]} c6 {[%emt 0:03:30]} 10. O-O {[%emt 0:09:00]} cxb5 {[%emt 0:06:30]} 11. cxb5 {[%emt 0:01:30]} Nb6 {[%emt 0:00:30]} 12. Ba3 {[%emt 0:06:30]} Ne4 {[%emt 0:05:30]} 13. Nxe4 {[%emt 0:03:30]} dxe4 {[%emt 0:00:30]} 14. Nd2 {[%emt 0:15:30]} f5 {[%emt 0:00:30]} 15. f3 {[%emt 0:11:30]} Bh6 {[%emt 0:19:30]} 16. f4 {[%emt 0:04:30]} Be6 {[%emt 0:00:30]} 17. Rc1 {[%emt 0:11:30]} Bxa2 {[%emt 0:03:30]} 18. g4 {[%emt 0:07:30]} Bf7 {[%emt 0:02:30]} 19. Nc4 {[%emt 0:02:30]} Nxc4 {[%emt 0:12:30]} 20. Bxc4 {[%emt 0:00:30]} Qd7 {[%emt 0:00:30]} 21. gxf5 {[%emt 0:03:34]} gxf5 {[%emt 0:00:30]} 22. Qh5 {[%emt 0:03:27]} Bxc4 {[%emt 0:02:30]} 23. Rxc4 {[%emt 0:00:14]} Rf6 {[%emt 0:00:30]} 24. Rfc1 {[%emt 0:04:16]} Bf8 {[%emt 0:12:30]} 25. Rc7 {[%emt 0:05:40]} Qxb5 {[%emt 0:09:39]} 26. Kh1 {[%emt 0:00:35]} Rg6 {[%emt 0:07:09]} 27. Bxe7 {[%emt 0:01:11]} Qb2 {[%emt 0:04:47]} 28. Rg1 {[%emt 0:02:29]} Rxg1+ {[%emt 0:00:40]} 29. Kxg1 {[%emt 0:00:53]} Bxe7 {[%emt 0:00:28]} 30. Rxe7 {[%emt 0:00:36]} Qc1+ {[%emt 0:00:30]} 31. Kf2 {[%emt 0:00:55]} Qd2+ {[%emt 0:00:06]} 32. Kf1 {[%emt 0:00:19]} Qd3+ {[%emt 0:00:25]} 33. Kf2 {[%emt 0:00:30]} Qd2+ {[%emt 0:00:16]} 34. Kf1 {[%emt 0:00:24]} Qd3+ {[%emt 0:00:23]} 35. Kf2 {[%emt 0:00:48]} Qd2+ {[%emt 0:00:09]} 36. Kf1 {[%emt 0:00:37]} Qd3+ {[%emt 0:00:55]} 1/2-1/2